000 00321 a2200157 4500
001 174736
020 _a
040 _cMagnum
100 _aGóes, Lúcia Pimentel
240 1 0 _aO jacare e o gato
_lpor
245 1 0 _aO jacare e o gato
362 0 _a1899
440 1 _aDo Brasil
697 _aI/ANIMAIS
942 _cBK
999 _c174736
_d174736